American Reference Library - Primary Source Documents

Библиографические подробности
Формат: Электронный ресурс Журнал
Язык:English
Опубликовано: Western Standard Publishing Company
Online-ссылка:Full text available on EBSCOhost[Jan 2001-Jan 2001]
Off-campus access
LEADER 00953cas a2200169 a 4500
001 AALejournalEBSCOMFP000290
008 230102c9999 xx r poo 0 0eng d
040 |a BD-DhAAL  |c BD-DhAAL 
245 0 0 |h [electronic resource]  |a American Reference Library - Primary Source Documents 
260 |b Western Standard Publishing Company 
300 |a 1 online resource 
500 |a <strong>Off-Campus Access:</strong> Athens ID and Password Required 
500 |a <strong>On-Campus Access:</strong> No User ID or Password Required 
506 |a Electronic access restricted to authorized BRAC University faculty, staff and students 
538 |a Mode of access: Internet 
856 4 0 |z Full text available on EBSCOhost[Jan 2001-Jan 2001]  |u https://search.ebscohost.com/direct.asp?db=f5h&jid=62EG&scope=site 
856 4 0 |z Off-campus access  |u https://go.openathens.net/redirector/bracu.ac.bd?url=https%3A%2F%2Fsearch.ebscohost.com%2Fdirect.asp%3Fdb%3Df5h%26jid%3D62EG%26scope%3Dsite